书目信息 |
| 题名: |
夏季奥运史话
|
|
| 作者: | 攀渝杰 | |
| 分册: | ||
| 出版信息: | 北京 清华大学出版社 2004 |
|
| 页数: | 304 | |
| 开本: | 20cm | |
| 丛书名: | ||
| 单 册: | ||
| 中图分类: | G811.2 | |
| 科图分类: | ||
| 主题词: | 体育事业--世界 | |
| 电子资源: | ||
| ISBN: | 7-302-09373-3 | |
| 000 | 00497nam0 2200181 450 | |
| 001 | 0736480453 | |
| 005 | 20070817100800.46 | |
| 010 | @a7-302-09373-3@d¥24.00 | |
| 100 | @a20070817d km y0chiy0120 ea | |
| 101 | 0 | @achi |
| 200 | 1 | @a夏季奥运史话@Axia ji ao yun shi hua@f攀渝杰@Fpan yu jie |
| 210 | @a北京@c清华大学出版社@d2004 | |
| 215 | @a304@d20cm | |
| 606 | 0 | @a体育事业@x世界 |
| 690 | @aG811.2@v3 | |
| 701 | 0 | @a攀渝杰@Apan yu jie |
| 801 | 0 | @aCN@bPFT@c20070817 |
| 905 | @a213230@dG811.2@et38@f1 | |
| 夏季奥运史话/攀渝杰.-北京:清华大学出版社,2004 |
| 304;20cm |
| ISBN 7-302-09373-3:¥24.00 |
| ● |
| 相关链接 |
|
|
|
|
正题名:夏季奥运史话
索取号:G811.2/t38
 
预约/预借
| 序号 | 登录号 | 条形码 | 馆藏地/架位号 | 状态 | 备注 |
| 1 | 6904086 | 269040860 | 密集书库-体育系/ [索取号:G811.2/t38] | 在馆 |